000 00547nam a2200193Ia 4500
005 20250508160612.0
008 008 250505s9999 xx 000 0 eng d
037 _aTextual
040 _aFEDL
_beng
_cFEDL
041 _aeng
_2eng
084 _a301.973, MIZ
_qFEDL
100 _aMizruchi Epbraim Harold
_9768891
245 0 _aSuccess and opportunity : A study of anomie
260 _aGlencoe
_bThe Free Press
_c1964
300 _aix,204p.
650 _aSociology
942 _cTEXL
_h301.973, MIZ
999 _c1365562
_d1365562